000 00399nam a22001577a 4500
003 OSt
008 250116b |||||||| |||| 00| 0 eng d
041 _aeng
082 _a635.954
_bMUR/GA
100 _aMurphy, Wendy B
_96942
245 _aGardening Under Lights
260 _aVirginia,
_bTime Life Books,
_c1978.
300 _a160pages.
650 _aEditor of Time Life Books
_96943
942 _cBK
999 _c19033
_d19033